[Event "LSS No Engine Cup 210 Preliminary 0"]
[Site "LSS email"]
[Date "2020.11.23"]
[Round "?"]
[White "Kelemen, Gyoergy"]
[Black "Nistri, Paolo"]
[Result "1-0"]
[WhiteElo "2236"]
[BlackElo "1447"]
[PlyCount "41"]
[EventDate "2020.11.23"]
[EventType "tourn (corr)"]
[EventRounds "6"]
[EventCountry "GER"]
[SourceTitle "Corr 2022"]
[Source "ChessBase"]
[SourceDate "2021.10.24"]
[SourceVersion "1"]
[SourceVersionDate "2021.10.24"]
[SourceQuality "1"]

1. c4 Nf6 2. g3 g6 3. Bg2 Bg7 4. d4 0-0 5. Nc3 d6 6. Nf3 Nbd7 7. 0-0 c6 8. e4 e5 9. h3 Re8 10. Be3 exd4 11. Nxd4 Nc5 12. Qc2 Be6 13. Nxe6 Nxe6 14. Rad1 Qe7 15. f4 Nd7 16. Bf2 Ndc5 17. b4 Nd7 18. Rd3 a5 19. a3 axb4 20. axb4 Ra7 21. Bxa7 1-0

[Event "LSS No Engine Cup 210 Preliminary 0"]
[Site "LSS email"]
[Date "2020.11.23"]
[Round "?"]
[White "Slatinsky, Milan"]
[Black "Nistri, Paolo"]
[Result "1-0"]
[WhiteElo "1974"]
[BlackElo "1447"]
[PlyCount "25"]
[EventDate "2020.11.23"]
[EventType "tourn (corr)"]
[EventRounds "6"]
[EventCountry "GER"]
[SourceTitle "Corr 2022"]
[Source "ChessBase"]
[SourceDate "2021.10.24"]
[SourceVersion "1"]
[SourceVersionDate "2021.10.24"]
[SourceQuality "1"]

1. e4 d6 2. Nf3 Nf6 3. Nc3 g6 4. d4 Bg7 5. Bf4 Nbd7 6. Qd2 c6 7. Bh6 0-0 8. Bxg7 Kxg7 9. 0-0-0 c5 10. e5 Ng8 11. exd6 exd6 12. h4 Ngf6 13. h5 1-0

[Event "IECC CL0-2020.00 email"]
[Site "IECC email"]
[Date "2020.11.13"]
[Round "?"]
[White "Shim Ng Min, Francis"]
[Black "Nistri, Paolo"]
[Result "0-1"]
[WhiteElo "1114"]
[BlackElo "1053"]
[PlyCount "42"]
[EventDate "2020.06.13"]
[EventType "tourn (corr)"]
[EventRounds "4"]
[SourceTitle "Corr 2022"]
[Source "ChessBase"]
[SourceDate "2021.10.24"]
[SourceVersion "1"]
[SourceVersionDate "2021.10.24"]
[SourceQuality "1"]

1. e4 d6 2. d4 Nf6 3. Nc3 g6 4. f4 Bg7 5. Nf3 0-0 6. e5 dxe5 7. dxe5 Qxd1+ 8. Nxd1 Nd5 9. Be2 Nc6 10. c3 f6 11. exf6 exf6 12. 0-0 Re8 13. Bc4 Be6 14. Nd4 Nxd4 15. cxd4 f5 16. Re1 Bxd4+ 17. Kh1 Nxf4 18. Bxe6+ Rxe6 19. Rxe6 Nxe6 20. Be3 Bxe3 21. Nxe3 Rd8 0-1

[Event "RF-2020-0-00508"]
[Site "LSS email"]
[Date "2020.09.26"]
[Round "?"]
[White "Etchepareborda, Juan"]
[Black "Nistri, Paolo"]
[Result "0-1"]
[WhiteElo "1152"]
[BlackElo "1020"]
[PlyCount "62"]
[EventDate "2020.07.10"]
[EventType "tourn (corr)"]
[EventRounds "6"]
[EventCountry "GER"]
[SourceTitle "Corr 2022"]
[Source "ChessBase"]
[SourceDate "2021.10.24"]
[SourceVersion "1"]
[SourceVersionDate "2021.10.24"]
[SourceQuality "1"]

1. d4 d6 2. Bf4 Nf6 3. e3 Nbd7 4. Bd3 g6 5. Nf3 Bg7 6. Nc3 0-0 7. e4 e5 8. dxe5 dxe5 9. Nxe5 Nxe4 10. Bxe4 Nxe5 11. 0-0 c6 12. h3 Qa5 13. Qd2 Nc4 14. Qd3 Nxb2 15. Qg3 Qxc3 16. Qh4 Re8 17. Bf3 Bf5 18. Bh6 Bxh6 19. Qxh6 Bxc2 20. h4 Nc4 21. h5 Nd2 22. Rfc1 Nxf3+ 23. gxf3 Qxf3 24. Rxc2 Re4 25. hxg6 Rg4+ 26. Kf1 Qg2+ 27. Ke2 Re8+ 28. Kd1 Qf1+ 29. Kd2 Rd8+ 30. Kc3 Rd3+ 31. Kb2 Rb4# 0-1

[Event "RF-2020-0-00508"]
[Site "LSS email"]
[Date "2020.09.21"]
[Round "?"]
[White "Nistri, Paolo"]
[Black "Guenther, Rainer"]
[Result "1-0"]
[WhiteElo "1020"]
[BlackElo "1051"]
[PlyCount "53"]
[EventDate "2020.07.10"]
[EventType "tourn (corr)"]
[EventRounds "6"]
[EventCountry "GER"]
[SourceTitle "Corr 2022"]
[Source "ChessBase"]
[SourceDate "2021.10.24"]
[SourceVersion "1"]
[SourceVersionDate "2021.10.24"]
[SourceQuality "1"]

1. c4 e5 2. g3 b6 3. Bg2 Nc6 4. Nc3 Bb7 5. Nf3 Nd4 6. 0-0 Nxf3+ 7. exf3 Nf6 8. Re1 Bd6 9. d4 e4 10. fxe4 0-0 11. e5 Bxg2 12. Kxg2 Bb4 13. exf6 Qxf6 14. Nd5 Qc6 15. Qf3 Bd6 16. Ne7+ Bxe7 17. Qxc6 dxc6 18. Rxe7 Rad8 19. Be3 Rfe8 20. Rxc7 c5 21. dxc5 h5 22. cxb6 axb6 23. Bxb6 Rd2 24. Rb1 Ree2 25. b4 Rxa2 26. b5 Re6 27. Bc5 1-0

[Event "LSS No Engine Cup 149 Preliminary 0"]
[Site "LSS email"]
[Date "2016.03.03"]
[Round "?"]
[White "Stehling, Eva"]
[Black "Nistri, Paolo"]
[Result "1-0"]
[WhiteElo "1359"]
[BlackElo "1444"]
[PlyCount "48"]
[EventDate "2016.03.04"]
[EventType "tourn (corr)"]
[EventRounds "6"]
[EventCountry "GER"]
[SourceTitle "Corr 2022"]
[Source "ChessBase"]
[SourceDate "2021.10.24"]
[SourceVersion "1"]
[SourceVersionDate "2021.10.24"]
[SourceQuality "1"]

1. d4 Nf6 2. c4 e6 3. Nf3 Bb4+ 4. Nc3 c5 5. e3 0-0 6. Qc2 b6 7. a3 Bxc3+ 8. Qxc3 d6 9. Bd3 Bb7 10. 0-0 Nbd7 11. Rd1 Qe7 12. b4 cxd4 13. exd4 Rac8 14. Qb3 e5 15. dxe5 Nxe5 16. Nxe5 dxe5 17. Bb2 e4 18. Be2 Rfd8 19. Rac1 h6 20. Qg3 Ba6 21. Rxd8+ Rxd8 22. Qe3 Bb7 23. c5 bxc5 24. Rxc5 Nd7 1-0

[Event "SN-2015-0-00717"]
[Site "LSS email"]
[Date "2015.11.24"]
[Round "?"]
[White "Nistri, Paolo"]
[Black "Vontina, Maria"]
[Result "1-0"]
[WhiteElo "959"]
[BlackElo "882"]
[PlyCount "77"]
[EventDate "2015.11.05"]
[EventType "tourn (corr)"]
[EventRounds "6"]
[EventCountry "GER"]
[SourceTitle "Corr 2022"]
[Source "ChessBase"]
[SourceDate "2021.10.24"]
[SourceVersion "1"]
[SourceVersionDate "2021.10.24"]
[SourceQuality "1"]

1. c4 Nf6 2. g3 c6 3. Bg2 g6 4. Nc3 Bg7 5. b3 0-0 6. Nf3 d6 7. Bb2 Nbd7 8. d4 Re8 9. 0-0 Nb6 10. e3 d5 11. c5 Nbd7 12. a4 a6 13. b4 Qc7 14. b5 axb5 15. axb5 Rxa1 16. Qxa1 Nf8 17. b6 Qb8 18. Qa7 Bf5 19. Ra1 Bd3 20. Qa3 N8d7 21. Na2 Ba6 22. Nb4 Bc4 23. Nd2 Bb5 24. Qa5 e5 25. Nxd5 Nxd5 26. Bxd5 exd4 27. exd4 Nxc5 28. dxc5 Bxb2 29. Bxf7+ Kxf7 30. Qa2+ Kf8 31. Qxb2 Qe5 32. Qxe5 Rxe5 33. Ra7 Re7 34. Nb3 Kf7 35. Na5 Re1+ 36. Kg2 Bf1+ 37. Kf3 Be2+ 38. Kf4 Ba6 39. Nxb7 1-0

[Event "SN-2015-0-00717"]
[Site "LSS email"]
[Date "2015.11.23"]
[Round "?"]
[White "Liles, Chris"]
[Black "Nistri, Paolo"]
[Result "0-1"]
[WhiteElo "832"]
[BlackElo "959"]
[PlyCount "92"]
[EventDate "2015.11.05"]
[EventType "tourn (corr)"]
[EventRounds "6"]
[EventCountry "GER"]
[SourceTitle "Corr 2022"]
[Source "ChessBase"]
[SourceDate "2021.10.24"]
[SourceVersion "1"]
[SourceVersionDate "2021.10.24"]
[SourceQuality "1"]

1. d4 Nf6 2. Nf3 e6 3. e3 c5 4. c3 b6 5. Bd3 Bb7 6. Nbd2 Be7 7. 0-0 0-0 8. Re1 d5 9. Ne5 cxd4 10. cxd4 Nc6 11. Ndf3 Rc8 12. a3 Bd6 13. b4 Qc7 14. e4 dxe4 15. Bxe4 Nxe4 16. d5 Nxe5 17. Rxe4 Nxf3+ 18. gxf3 Bxd5 19. Rh4 Qe7 20. Rg4 Be5 21. Rb1 Rfd8 22. Qe2 Bf6 23. Bb2 Bxb2 24. Qxb2 g6 25. Rg3 Rc4 26. Qe5 Rdc8 27. Rf1 Rc3 28. Qf4 Rxa3 29. h4 Rac3 30. h5 R3c4 31. Qd2 Qf6 32. Kg2 Rg4 33. Qe2 Rc3 34. Kh2 Rh4+ 35. Kg2 Bxf3+ 36. Rxf3 Rxf3 37. Qxf3 Qg5+ 38. Qg3 Rg4 39. h6 Rxg3+ 40. fxg3 Qxh6 41. Rd1 Kg7 42. b5 Qh5 43. Rd7 Qxb5 44. Rxa7 Qd5+ 45. Kh3 h5 46. Ra6 Qh1# 0-1

[Event "LSS No Engine Cup 143 Preliminary 0"]
[Site "LSS email"]
[Date "2015.11.23"]
[Round "?"]
[White "Martindale, Roger"]
[Black "Nistri, Paolo"]
[Result "0-1"]
[WhiteElo "973"]
[BlackElo "1440"]
[PlyCount "98"]
[EventDate "2015.11.24"]
[EventType "tourn (corr)"]
[EventRounds "6"]
[EventCountry "GER"]
[SourceTitle "Corr 2022"]
[Source "ChessBase"]
[SourceDate "2021.10.24"]
[SourceVersion "1"]
[SourceVersionDate "2021.10.24"]
[SourceQuality "1"]

1. e4 e6 2. a3 d5 3. e5 c5 4. Nf3 Nc6 5. c4 d4 6. d3 Qc7 7. Nbd2 f6 8. Qa4 Bd7 9. Qd1 fxe5 10. Ne4 Nf6 11. h3 Nxe4 12. dxe4 Be7 13. Bd3 0-0 14. Bd2 Nd8 15. 0-0 Nf7 16. h4 Nh8 17. b4 b6 18. g3 Nf7 19. b5 Nd6 20. Nxe5 Nf7 21. Nxd7 Qxd7 22. Kg2 e5 23. a4 Nd6 24. f4 Qb7 25. Qg4 Nxe4 26. Qe6+ Kh8 27. Bxe4 Qxe4+ 28. Rf3 Bf6 29. Re1 Qc2 30. Rf2 Rae8 31. Qg4 e4 32. Qd1 Qxd1 33. Rxd1 e3 34. Re2 exd2 35. Rexd2 Re7 36. Rf1 Rfe8 37. Kh3 h6 38. h5 Re3 39. Kg4 Kg8 40. a5 Ra3 41. Rff2 Ree3 42. Rfe2 Rxg3+ 43. Kf5 Rge3 44. axb6 axb6 45. Rxe3 Rxe3 46. Ra2 d3 47. Ra8+ Kh7 48. Ra6 d2 49. Rxb6 d1Q 0-1

[Event "LSS No Engine Cup 143 Preliminary 0"]
[Site "LSS email"]
[Date "2015.11.23"]
[Round "?"]
[White "Nistri, Paolo"]
[Black "Sabbatini, Giuseppe"]
[Result "0-1"]
[WhiteElo "1440"]
[BlackElo "2055"]
[PlyCount "52"]
[EventDate "2015.11.24"]
[EventType "tourn (corr)"]
[EventRounds "6"]
[EventCountry "GER"]
[SourceTitle "Corr 2022"]
[Source "ChessBase"]
[SourceDate "2021.10.24"]
[SourceVersion "1"]
[SourceVersionDate "2021.10.24"]
[SourceQuality "1"]

1. c4 e5 2. g3 Nf6 3. Bg2 Bc5 4. e3 0-0 5. Ne2 Nc6 6. Nbc3 d6 7. 0-0 Re8 8. d4 Bb6 9. h3 h6 10. a3 exd4 11. exd4 Ne7 12. b4 c6 13. Bb2 Be6 14. c5 Bc7 15. Nf4 Bc4 16. Re1 dxc5 17. dxc5 Bxf4 18. gxf4 Ng6 19. f5 Rxe1+ 20. Qxe1 Nf4 21. Ne4 Ne2+ 22. Kh1 Nxe4 23. Bxe4 Qh4 24. Bg2 Re8 25. Qd1 Bd5 26. Qf1 Qxh3# 0-1

[Event "SN-2014-0-00615"]
[Site "LSS email"]
[Date "2014.08.05"]
[Round "?"]
[White "Nistri, Paolo"]
[Black "Smith, Harry"]
[Result "1-0"]
[WhiteElo "959"]
[BlackElo "650"]
[PlyCount "67"]
[EventDate "2014.07.17"]
[EventType "tourn (corr)"]
[EventRounds "6"]
[EventCountry "GER"]
[SourceTitle "Corr 2022"]
[Source "ChessBase"]
[SourceDate "2021.10.24"]
[SourceVersion "1"]
[SourceVersionDate "2021.10.24"]
[SourceQuality "1"]

1. d4 d5 2. Nf3 Nc6 3. e3 Nf6 4. Bd3 e6 5. 0-0 Bd6 6. b3 0-0 7. Bb2 Re8 8. Ne5 a6 9. c4 Bxe5 10. dxe5 Nd7 11. Qh5 Nf8 12. Rd1 Ng6 13. Nd2 Qh4 14. Bxg6 Qxh5 15. Bxh5 g6 16. Bf3 Nb4 17. cxd5 Nxd5 18. Nc4 Kg7 19. Bxd5 exd5 20. Rxd5 Be6 21. Rdd1 b5 22. Nd2 Kg8 23. Ne4 a5 24. Nc5 c6 25. Nxe6 Rxe6 26. Rac1 b4 27. Rd6 Rc8 28. Rxe6 fxe6 29. f4 Kf7 30. Kf2 c5 31. Rc4 Rd8 32. Ke2 Rd5 33. e4 h5 34. exd5 1-0

[Event "LSS No Engine Cup 87 Preliminary 6"]
[Site "LSS email"]
[Date "2013.05.06"]
[Round "?"]
[White "Micu, Sorin"]
[Black "Nistri, Paolo"]
[Result "0-1"]
[WhiteElo "1151"]
[BlackElo "1007"]
[PlyCount "74"]
[EventDate "2013.05.07"]
[EventType "tourn (corr)"]
[EventRounds "6"]
[EventCountry "GER"]
[SourceTitle "Telechess CBM 167"]
[Source "ChessBase"]
[SourceDate "2015.07.13"]
[SourceVersion "1"]
[SourceVersionDate "2015.07.13"]
[SourceQuality "1"]

1. e4 b6 2. d4 Bb7 3. Nc3 e6 4. Nf3 Bb4 5. Bd3 Nf6 6. Bg5 h6 7. Bxf6 Qxf6 8. 0-0 0-0 9. a3 Bxc3 10. bxc3 Nc6 11. a4 Na5 12. Ne5 Qe7 13. Re1 d6 14. Nc4 Nxc4 15. Bxc4 Qd7 16. a5 Bxe4 17. Bxe6 Qxe6 18. f3 f5 19. fxe4 fxe4 20. Qe2 Rae8 21. axb6 axb6 22. c4 e3 23. Ra3 Qe4 24. Rxe3 Qxd4 25. Qd3 Rxe3 26. Qxe3 Qxe3+ 27. Rxe3 Rf4 28. Rc3 g5 29. g3 Rd4 30. Kf2 Rd2+ 31. Kg1 g4 32. Re3 Rxc2 33. Re6 Rxc4 34. Rxh6 b5 35. Re6 Kf7 36. Re3 d5 37. Re5 c6 0-1

[Event "LSS No Engine Cup 87 Preliminary 6"]
[Site "LSS email"]
[Date "2013.05.06"]
[Round "?"]
[White "Nistri, Paolo"]
[Black "Barrilete, Petaca"]
[Result "0-1"]
[WhiteElo "1007"]
[BlackElo "1398"]
[PlyCount "68"]
[EventDate "2013.05.07"]
[EventType "tourn (corr)"]
[EventRounds "6"]
[EventCountry "GER"]
[SourceTitle "Telechess CBM 167"]
[Source "ChessBase"]
[SourceDate "2015.07.13"]
[SourceVersion "1"]
[SourceVersionDate "2015.07.13"]
[SourceQuality "1"]

1. d4 Nf6 2. Nf3 d5 3. e3 c5 4. c3 e6 5. Bd3 Nc6 6. Nbd2 Bd6 7. 0-0 0-0 8. dxc5 Bxc5 9. e4 Qc7 10. exd5 exd5 11. Nb3 Bb6 12. Bg5 Ne4 13. Qc2 Nxg5 14. Nxg5 h6 15. Nf3 Bg4 16. Nbd4 Rae8 17. Rfe1 Qf4 18. h3 Bc8 19. Rad1 Nxd4 20. Nxd4 Rxe1+ 21. Rxe1 Bxd4 22. cxd4 Qxd4 23. Re7 Qb4 24. Rc7 Be6 25. a3 Qe1+ 26. Kh2 Rb8 27. f4 d4 28. Re7 Qh4 29. Qc7 Ra8 30. Qxb7 Qxf4+ 31. Kh1 Rb8 32. b4 a5 33. bxa5 Kf8 34. Bb5 d3 0-1

[Event "FICGS class E 000154 email"]
[Site "FICGS email"]
[Date "2012.08.15"]
[Round "1"]
[White "Nistri, Paolo"]
[Black "Goti, Javier"]
[Result "1-0"]
[WhiteElo "1335"]
[BlackElo "1200"]
[PlyCount "83"]
[EventDate "2012.??.??"]
[EventType "tourn (corr)"]
[EventRounds "5"]
[SourceTitle "Corr 2022"]
[Source "ChessBase"]
[SourceDate "2021.10.24"]
[SourceVersion "1"]
[SourceVersionDate "2021.10.24"]
[SourceQuality "1"]

1. d4 Nf6 2. Nf3 g6 3. e3 Bg7 4. Nbd2 0-0 5. Bd3 d5 6. 0-0 b6 7. Qe2 Bb7 8. c3 Ne4 9. Ne1 Nd7 10. Nxe4 dxe4 11. Ba6 Bc6 12. Bb5 Bxb5 13. Qxb5 e5 14. Qd5 exd4 15. exd4 Nf6 16. Qxd8 Raxd8 17. Bf4 Nd5 18. Bg3 b5 19. Nc2 f5 20. a4 bxa4 21. Rxa4 f4 22. Bh4 Ra8 23. Rfa1 e3 24. Re1 exf2+ 25. Bxf2 a5 26. Rea1 Nb6 27. Rxa5 Rxa5 28. Rxa5 Nc4 29. Rc5 Nxb2 30. Rxc7 f3 31. gxf3 Rxf3 32. Ne1 Rf7 33. Rc8+ Rf8 34. Rxf8+ Kxf8 35. Nc2 Nc4 36. Ne3 Nxe3 37. Bxe3 Ke7 38. c4 h6 39. Kg2 g5 40. Kf3 Kd6 41. Kg4 Ke6 42. h4 1-0

[Event "FICGS class E 000154 email"]
[Site "FICGS email"]
[Date "2012.08.15"]
[Round "1"]
[White "Nistri, Paolo"]
[Black "Salinas, Marcelo"]
[Result "0-1"]
[WhiteElo "1335"]
[BlackElo "1219"]
[PlyCount "88"]
[EventDate "2012.??.??"]
[EventType "tourn (corr)"]
[EventRounds "5"]
[SourceTitle "Corr 2022"]
[Source "ChessBase"]
[SourceDate "2021.10.24"]
[SourceVersion "1"]
[SourceVersionDate "2021.10.24"]
[SourceQuality "1"]

1. d4 e6 2. Nf3 Nc6 3. Nbd2 Qf6 4. c3 d5 5. e3 e5 6. dxe5 Nxe5 7. Nxe5 Qxe5 8. Nf3 Qf6 9. Be2 Be6 10. 0-0 Bd6 11. Qd4 h6 12. Qxf6 Nxf6 13. b3 0-0 14. Bb2 Bg4 15. Nd4 Bxe2 16. Nxe2 Ne4 17. Rad1 c6 18. Rd4 a5 19. a3 Be5 20. Rdd1 f5 21. Nd4 Bxd4 22. exd4 g5 23. f3 Nd6 24. Rfe1 Rae8 25. Kf1 g4 26. Rxe8 Rxe8 27. Re1 Kf7 28. Rxe8 Kxe8 29. Ke2 Ke7 30. Kd3 gxf3 31. gxf3 f4 32. Bc1 Nf7 33. Bxf4 h5 34. Bc7 Ng5 35. Ke2 b5 36. Bxa5 Ke6 37. Bd8 Nf7 38. Bh4 Nh6 39. a4 bxa4 40. bxa4 Kd7 41. a5 Kc7 42. Be7 Kb7 43. Bd8 Ka6 44. Ke3 Nf7 0-1

[Event "LSS No Engine Cup 52 Preliminary 6"]
[Site "LSS email"]
[Date "2011.10.18"]
[Round "?"]
[White "Zmolil, Karel"]
[Black "Nistri, Paolo"]
[Result "1-0"]
[WhiteElo "1203"]
[BlackElo "899"]
[PlyCount "21"]
[EventDate "2011.10.19"]
[EventType "tourn (corr)"]
[EventRounds "6"]
[EventCountry "GER"]
[SourceTitle "Corr 2015"]
[Source "ChessBase"]
[SourceDate "2015.07.17"]
[SourceVersion "1"]
[SourceVersionDate "2015.07.17"]
[SourceQuality "1"]

1. e4 e5 2. Bc4 Nf6 3. Nc3 Nc6 4. Nf3 Bc5 5. 0-0 0-0 6. d3 d6 7. h3 h6 8. Na4 Bb6 9. Nxb6 axb6 10. Be3 Be6 11. Nd2 1-0